Chiloé.
Guardat en:
| Altres autors: | , , , , , , , , , , , , , , , , |
|---|---|
| Format: | Llibre |
| Idioma: | anglès |
| Publicat: |
Santiago, Chile:
Museo Chileno de Arte Precolombino; Banco Santander Santiago,
2016
|
| Edició: | Primera edición. |
| Col·lecció: | Colección Santander - Museo Chileno de Arte Precolombino
|
| Matèries: | |
| Accés en línia: | Disponible Online - Museo Chileno de Arte Precolombino |
| Etiquetes: |
Afegir etiqueta
Sense etiquetes, Sigues el primer a etiquetar aquest registre!
|
MARC
| LEADER | 00000nam a22000007a 4500 | ||
|---|---|---|---|
| 003 | CL-VaPUC | ||
| 005 | 20220413171507.0 | ||
| 008 | 220408b2016 ||||| |||| 00| 0 eng d | ||
| 999 | |c 435350 |d 435348 | ||
| 020 | |a 978-956-243073-9 | ||
| 040 | |c Pontificia Universidad Católica de Valparaíso | ||
| 082 | 7 | |a 983.56 ALD 2016 |2 22 | |
| 100 | 1 | |a Aldunate del Solar, Carlos |e editor |9 868203 | |
| 245 | 1 | |a Chiloé. | |
| 250 | |a Primera edición. | ||
| 260 | |a Santiago, Chile: |b Museo Chileno de Arte Precolombino; |b Banco Santander Santiago, |c 2016 | ||
| 300 | |a 346 páginas, |b ilustraciones. | ||
| 490 | |a Colección Santander - Museo Chileno de Arte Precolombino | ||
| 500 | |a C.1 Donado por Museo Chileno de Arte Precolombino al Fondo Margot Loyola. Abril 2022 | ||
| 583 | |c 20220408 |k Catalogador Asistente | ||
| 651 | 0 | |a Chiloé |x Historia |9 265209 | |
| 651 | 0 | |a Chiloé |x Vida social y costumbres |9 265209 | |
| 700 | |a Álvarez, Ricardo |e autor |9 868204 | ||
| 700 | |a Cárdenas, Renato |e autor |9 518548 | ||
| 700 | |a González, Jannette |e autora |9 868205 | ||
| 700 | |a Guarda, Gabriel |e autora |9 868206 | ||
| 700 | |a Lira, Nicolás |e autor |9 868207 | ||
| 700 | |a Mera, Rodrigo |e autor |9 868208 | ||
| 700 | |a Munita, Doina |e autor |9 868209 | ||
| 700 | |a Pinochet, Manuel |e autor |9 868210 | ||
| 700 | |a Rodríguez, Hernán |e autor |9 868211 | ||
| 700 | |a Strabucchi, Rodney Anne |e autora |9 868212 | ||
| 700 | |a Ther, Francisco |e autor |9 868213 | ||
| 700 | |a Urbina, Rodolfo |e autor |9 868214 | ||
| 700 | |a Urbina, Ximena |e autora |9 868215 | ||
| 700 | |a Meurs, Marijke van |e autora |9 868216 | ||
| 700 | |a Vázquez de Acuña, Isidoro |e autor |9 513612 | ||
| 700 | |a Villagrán, Carolina |e autor |9 868217 | ||
| 856 | |u http://precolombino.cl/wp/wp-content/uploads/2016/12/chiloe-completo-0001.pdf |y Disponible Online - Museo Chileno de Arte Precolombino | ||
| 942 | |2 ddc |c BK | ||
| 952 | |0 0 |1 0 |2 ddc |4 0 |6 983_560000000000000_ALD_2016 |7 0 |8 X |9 582525 |a FDOMLP |b FDOMLP |d 2022-04-08 |e Donación |i 5650737 |o 983.56 ALD 2016 |p 5650737 |r 2022-04-08 |t 1 |w 2022-04-08 |y BK_X |k BU2 | ||